Industrialización, inversión extranjera y absorción de mano de obra: el caso de Panamá

Sábháilte in:
Sonraí bibleagrafaíochta
Príomhchruthaitheoir: González Henriquez, Simeón Emilio
Formáid: Téacs
Foilsithe / Cruthaithe: Panamá :
Clibeanna: Cuir clib leis
Níl clibeanna ann, Bí ar an gcéad duine le clib a chur leis an taifead seo!

MARC

LEADER 00000 a a2200000 04500
001 16833
003
040
090 |a 010400  
100 |a González Henriquez, Simeón Emilio  
245 |a Industrialización, inversión extranjera y absorción de mano de obra: el caso de Panamá  
260 |a Panamá :  
300 |a 25 p.  
999 |c 10309  |d 10309